|
|
|
|
| LEADER |
00650cam a2200181 7i4500 |
| 001 |
0000015243 |
| 005 |
20050408090000.0 |
| 020 |
0 |
0 |
|a 9965-9410-0-9
|
| 090 |
0 |
0 |
|a KAZA 910.255845
|b RIZ
|
| 245 |
0 |
0 |
|a Ruzui's yellow pages of Kazakhtan.
|
| 260 |
0 |
0 |
|a [S.l]:
|b Yellow Pages Kazakhstan Management,
|c 2004.
|
| 300 |
# |
# |
|a 520 p.
|
| 650 |
0 |
0 |
|a Business --
|x Directories --
|z Kazakhtan
|
| 650 |
0 |
0 |
|a Telephone --
|x Directories --
|z Kazakhtan
|
| 650 |
0 |
0 |
|a Yellow --
|x Directories --
|z Kazakhtan
|
| 651 |
0 |
0 |
|a Kazakhtan
|
| 999 |
|
|
|a 0000016909
|b Directories
|c Countries
|e Business Information Centre
|
| 999 |
|
|
|a 0000016906
|b Directories
|c Countries
|e Business Information Centre
|